00941nam a2200193 a 450000100100000000500170001000800410002704000250006810000390009324000440013224500370017626000400021330000300025359000760028304900090035995201780036895201840054699900170073000003488220200930073949.0111021s1969 es 000 0 spa d aDO-SdBNPbspacBNPHU1 aClark, Kenneth,d1903-1983.96043910aCivilisation, a personal viewlinglés10aCivilización /cKenneth Clark. aMadrid :bAlianza Editorial,c1969. a267 p. ; :bil. ;c19 cm. aPerteneció a la biblioteca personal de Juan Isidro Jimenes Grullón. aBNPD 001050718MOaGRbGRcCTd2011-10-21iLF1l0o p34882-10r2020-06-25w2020-06-25y1zPerteneció a la biblioteca personal de Juan Isidro Jimenes Grullón.ZNo se presta 001050718MOaGRbGRcCTd2011-10-21iLF1l0o p34882-20r2020-06-25te. 2w2020-06-25y1zPerteneció a la biblioteca personal de Juan Isidro Jimenes Grullón.ZNo se presta c34373d34373